Movies Quiz

Random Movies Quiz

Top 100 cop or crime movies Quiz Stats

 Plays Quiz not verified by Sporcle

Challenge
Share
Tweet
Embed
Score 0/100 Timer 10:00
0 Plays Today
Year Answer % Correct
1971Dirty Harry
89%
1988Die Hard
84%
1987Lethal Weapon
84%
2006The Departed
83%
1993Fugitive
82%
1995Heat
81%
1991The Silence of the Lambs
81%
2003Mystic river
80%
1994Speed
79%
1974Chinatown
79%
1982Blade Runner
79%
1989Lethal Weapon 2
79%
1996Fargo
78%
1987The Untouchables
78%
1992Lethal Weapon 3
77%
1971 The French Connection
76%
1984Beverly hills cop
75%
1975Dog day afternoon
71%
2000Traffic
70%
1995 Se7en
70%
1997Face
69%
1997L.A. Confidential
68%
2002Insomnia
68%
1941 The Maltese Falcon
66%
2001Training Day
65%
1998Rush Hour
64%
1992Reservoir Dogs
63%
1973 Serpico
62%
1997Kiss the Girls
62%
1995Bad Boys
61%
1997Donnie Brasco
60%
1968Bullit
59%
2007Zodiac
58%
1985Witness
58%
Year Answer % Correct
198248 Hrs.
56%
2013Prisoners
55%
1998The Negotiator
54%
1979 Mad Max
54%
1989Tango and Cash
54%
1991Point Break
54%
1967In the Heat of the Night
54%
1993Falling Down
53%
2007No Country for Old Men
53%
1976The Enforcer
52%
2006 Inside Man
52%
1988Red Heat
50%
1983Sudden Impact
49%
1994
49%
1990The Rookie
48%
2001Along Came a Spider
48%
1999The Bone Collector
48%
1988The Dead Pool
46%
1992Bad Lieutenant
46%
1989Turner and Hooch
46%
2003S.W.A.T.
45%
1995Die Hard with a Vengeance
45%
1997Cop Land
45%
1997The Devil's Own
43%
1958Touch of Evil
42%
1984Tight Rope
41%
1973Magnum Force
41%
1974McQ
40%
2002Catch me if you can
39%
1977The Gauntlet
37%
2012 End of Watch
35%
2010Edge of Darkness
33%
2007We Own the Night
32%
2017Patriots Day
31%
Year Answer % Correct
1984City Heat
31%
1989Black Rain
31%
1931M
29%
2002Narc
29%
2013Gangster Squad
29%
1988Mississippi Burning
29%
2006Miami Vice
29%
2008Street Kings
28%
2001The Pledge
26%
1935Gmen
25%
2007Gone Baby Gone
25%
1988Colors
25%
2005Hostage
25%
1975Brannigan
24%
200616 blocks
24%
2011The Guard
24%
1989K-9
23%
2009Public emenies
22%
1993A Perfect World
22%
1964A Shot in the Dark
22%
1970They Call Me MISTER Tibbs!
21%
2006The Black Dahlia
21%
2009Brooklyn's Finest
20%
1968Coogan's Bluff
19%
1974The Taking of Pelham One Two Three
18%
2004Walking Tall
17%
2012The Sweeney
17%
1947Green for Danger
16%
1973 The Day of the Jackal
16%
2002Dark Blue
16%
1993Striking Distance
15%
1996Mulholland Falls
10%

You're not logged in!

Compare scores with friends on all Sporcle quizzes.
OR
Log In

You Might Also Like...

Show Comments

Extras

Created Jan 23, 2017SourceReportNominate
Tags:100, cop, crime

Top Quizzes Today


Score Distribution

Your Account Isn't Verified!

In order to create a playlist on Sporcle, you need to verify the email address you used during registration. Go to your Sporcle Settings to finish the process.

Report this User

Report this user for behavior that violates our Community Guidelines.

Details: